000 01375nam a2200385 i 4500
001 10930
003 KOSZ 005
005 20200630132821.0
008 080711s1967 pl a f f 000 0 pol
015 _aPB 1965/7983
040 _aWA N
_cWA N
_dKOSZ 005/RW
_dKOSZ 005/HR
046 _k1967
080 _a51
080 _a(075.8+076)
100 1 _aWilkoński, Andrzej.
_eAutor
245 1 0 _aZbiór zadań z matematyki wyższej.
_nCz. 2,
_pRachunek całkowy, szeregi, równania różniczkowe /
_cAndrzej Wilkoński, Zbigniew Kaczorowski.
246 3 0 _aRachunek całkowy, szeregi, równania różniczkowe
250 _aWyd. 5.
260 _aWrocław :
_bPaństwowe Wydawnictwo Naukowe,
_c1967.
300 _a210 s. :
_bil. ;
_c24 cm.
380 _aKsiążki.
380 _aPublikacje dydaktyczne
388 _a1901-2000
504 _aBibliogr. s. 207.
521 8 _aSkrypt dla studentów studiów technicznych.
658 _aMatematyka
655 4 _aĆwiczenia i zadania dla szkół wyższych
650 4 _aRównania różniczkowe
650 4 _aRachunek całkowy
650 4 _aSzeregi
700 1 _aKaczorowski, Zbigniew.
_eAutor
710 2 _aPaństwowe Wydawnictwo Naukowe
_4pbl.
856 _uhttp://koha.tu.koszalin.pl/cgi-bin/koha/opac-detail.pl?biblionumber=10930
_yKatalog online BPK
942 _2UKD
_cKS
999 _c10930
_d10930